El cine de retorno de Raúl Ruiz.
Збережено в:
| Автор: | |
|---|---|
| Інші автори: | , |
| Формат: | Невідомо |
| Опубліковано: |
Valparaíso, Chile:
Universidad de Valparaíso,
2021.
|
| Редагування: | Primera edición. |
| Серія: | Colección Académica.
|
| Предмети: | |
| Теги: |
Додати тег
Немає тегів, Будьте першим, хто поставить тег для цього запису!
|
MARC
| LEADER | 00000 a2200000 4500 | ||
|---|---|---|---|
| 003 | CL-VaPUC | ||
| 005 | 20250317091123.0 | ||
| 008 | 230308t2021 ||||| |||| 00| 0 eng d | ||
| 999 | |c 440042 |d 440040 | ||
| 040 | |c Pontificia Universidad Católica de Valparaíso | ||
| 082 | |2 22 |a 791.43092 CEL 2021 | ||
| 100 | |a Celedón Borquez, Gustavo Andrés |9 827662 |e autor | ||
| 245 | 1 | 3 | |a El cine de retorno de Raúl Ruiz. |
| 250 | |a Primera edición. | ||
| 260 | |a Valparaíso, Chile: |b Universidad de Valparaíso, |c 2021. | ||
| 300 | |a 155 páginas. | ||
| 490 | |a Colección Académica. | ||
| 583 | |k GC |c 20230308 | ||
| 600 | 0 | |9 880449 |a Ruiz Pino, Raúl |d 1941-2011 |v Análisis cinematográfico |e Cineasta chileno | |
| 650 | 0 | |9 265165 |a Cine chileno |x Dictadura militar | |
| 650 | 0 | |9 880450 |a Cineastas chilenos |y Siglo 21 |z Francia | |
| 700 | |a Jacobsen, Udo |e autor |9 570203 | ||
| 700 | |a Raffo, Marcelo |e autor |9 880442 | ||
| 942 | |2 ddc |c BK | ||
| 952 | |0 0 |1 0 |2 ddc |4 0 |6 791_430920000000000_CEL_2021 |7 0 |8 A |9 588893 |a FDOSRS |b FDOSRS |d 2023-03-07 |e 135 |g 8000.00 |i 5656565 |o 791.43092 CEL 2021 |p 5656565 |r 2023-03-07 |t 1 |v 8000.00 |w 2023-03-07 |y BK |k ART | ||